| 000 | 01292nam a2200193 i 4500 | ||
|---|---|---|---|
| 001 | 768714001 | ||
| 003 | CO-MdFUSB | ||
| 005 | 20220715155328.0 | ||
| 008 | 220715t1984 ck |||| |||| 00| 0 spa d | ||
| 040 |
_bspa _cCO-MdFUSB _dCO-MdFUSB |
||
| 041 | _aspa | ||
| 100 |
_aWells, Herbert George, _eautor |
||
| 245 | 4 |
_aLos primeros hombres en la luna _c/ Herbert George Wells |
|
| 300 | _aVolumen 5, (1984) páginas 493-634 | ||
| 520 | _aRelata el viaje a la Luna por parte de los dos protagonistas principales: el empobrecido empresario Mr. Bedford, y el brillante pero excéntrico científico Dr. Cavor, el creador de una sustancia anti-gravitatoria (obtenida a base de Helio y metales fundidos) a la que bautiza como cavorita. Con ella recubren una rudimentaria nave espacial que, de este modo, asciende sin peso en dirección a la Luna; al llegar descubren que está habitada por una civilización extraterrestre, que habita las cavernas del subsuelo, que deciden llamar «selenitas». Los primeros hombres sobre la luna supone una de las obras más conocidas de su autor, el pionero de la ciencia ficción H. G. Wells. | ||
| 653 | _aLiteratura inglesa | ||
| 773 | 0 |
_067924 _981131 _aOveja Negra, _o24694 _tMaestros de la literatura universal _w(CO-MdFUSB)768714001 _z8482806718 |
|
| 942 | _cBK | ||
| 999 |
_c67967 _d67967 |
||